<?xml version="1.0" encoding="UTF-8"?>
<record
    xmlns:xsi="http://www.w3.org/2001/XMLSchema-instance"
    xsi:schemaLocation="http://www.loc.gov/MARC21/slim http://www.loc.gov/standards/marcxml/schema/MARC21slim.xsd"
    xmlns="http://www.loc.gov/MARC21/slim">

  <leader>02401nam a2200373 i 4500</leader>
  <controlfield tag="003">DO-SdBNP</controlfield>
  <controlfield tag="005">20250602111506.0</controlfield>
  <controlfield tag="007">ta</controlfield>
  <controlfield tag="008">250602b2023    dr a|||| |||| 00| 0 spa d</controlfield>
  <datafield tag="040" ind1=" " ind2=" ">
    <subfield code="a">DO-SdBNP</subfield>
    <subfield code="b">spa</subfield>
    <subfield code="c">BNPHU</subfield>
    <subfield code="e">rda</subfield>
  </datafield>
  <datafield tag="041" ind1=" " ind2=" ">
    <subfield code="a">spa</subfield>
  </datafield>
  <datafield tag="082" ind1=" " ind2="4">
    <subfield code="a">xxx</subfield>
    <subfield code="b">F293g</subfield>
    <subfield code="2">22</subfield>
  </datafield>
  <datafield tag="110" ind1="1" ind2=" ">
    <subfield code="a">Federaci&#xF3;n Dominicana de Municipios (FEDOMU)</subfield>
    <subfield code="9">84131</subfield>
  </datafield>
  <datafield tag="245" ind1="1" ind2="0">
    <subfield code="a">Gu&#xED;a para la formulaci&#xF3;n de los planes municipales de gesti&#xF3;n integral de residuos s&#xF3;lidos (PMGIRS) en Rep&#xFA;blica Dominicana /</subfield>
    <subfield code="c">Federaci&#xF3;n Dominicana de Municipios ; elaboraci&#xF3;n, Rafael Lorenzo, Leivan D&#xED;az, Russi Vanessa Reyes, Mario &#xC1;ngel Rodr&#xED;guez, Beatriz Alc&#xE1;ntara, Elvin L&#xF3;pez, Camilo Tapia, Manuel Marte ; diagramaci&#xF3;n, Breanna Rodr&#xED;guez.</subfield>
  </datafield>
  <datafield tag="264" ind1=" " ind2=" ">
    <subfield code="a">Santo Domingo :</subfield>
    <subfield code="b">Federaci&#xF3;n Dominicana de Municipios (FEDOMU) ; Fondo Andaluz de Municipios para la Solidaridad Internacional (FAMSI), 202</subfield>
    <subfield code="c">2023.</subfield>
  </datafield>
  <datafield tag="300" ind1=" " ind2=" ">
    <subfield code="a">61 p&#xE1;ginas :</subfield>
    <subfield code="b">ilustraciones ;</subfield>
    <subfield code="c">28 cm. </subfield>
  </datafield>
  <datafield tag="336" ind1=" " ind2=" ">
    <subfield code="a">texto</subfield>
    <subfield code="b">txt</subfield>
    <subfield code="2">rdacontent</subfield>
  </datafield>
  <datafield tag="337" ind1=" " ind2=" ">
    <subfield code="a">sin mediaci&#xF3;n </subfield>
    <subfield code="b">n</subfield>
    <subfield code="2">rdamedia</subfield>
  </datafield>
  <datafield tag="338" ind1=" " ind2=" ">
    <subfield code="a">volumen</subfield>
    <subfield code="b">nc</subfield>
    <subfield code="2">rdacarrier</subfield>
  </datafield>
  <datafield tag="505" ind1=" " ind2=" ">
    <subfield code="a">Presentaci&#xF3;n, 6.-- Glosario de t&#xE9;rminos, 8.-- Fases del ciclo de la gesti&#xF3;n de residuos s&#xF3;lidos urbanos, 10.-- Condiciones previas, 12.-- Gu&#xED;a para la elaboraci&#xF3;n de los planes municipales de gesti&#xF3;n integral de residuos s&#xF3;lidos (PMGIRS) : un paso a paso, 14.-- Diagn&#xF3;stico de la situaci&#xF3;n actual de la gesti&#xF3;n de los residuos en el municipio, 16.-- Lineamientos estrat&#xE9;gicos, 46.-- Plan de monitoreo, control y evaluaci&#xF3;n, 58.-- Socializaci&#xF3;n, revisi&#xF3;n y aprobaci&#xF3;n de las matrices que conforman los lineamientos del PMGIRS y el plan e monitoreo, control y evaluaci&#xF3;n. --61</subfield>
  </datafield>
  <datafield tag="590" ind1=" " ind2=" ">
    <subfield code="a">Inventariado, 2025 /LP</subfield>
  </datafield>
  <datafield tag="700" ind1="1" ind2=" ">
    <subfield code="a">Lorenzo, Rafael</subfield>
    <subfield code="e">elaboraci&#xF3;n</subfield>
    <subfield code="4">elab.</subfield>
    <subfield code="9">86517</subfield>
  </datafield>
  <datafield tag="700" ind1="1" ind2=" ">
    <subfield code="a">D&#xED;az, Leivan</subfield>
    <subfield code="e">elaboraci&#xF3;n</subfield>
    <subfield code="4">elab.</subfield>
    <subfield code="9">87934</subfield>
  </datafield>
  <datafield tag="700" ind1="1" ind2=" ">
    <subfield code="a">Reyes, Russi Vanessa</subfield>
    <subfield code="e">elaboraci&#xF3;n</subfield>
    <subfield code="4">elab.</subfield>
    <subfield code="9">87935</subfield>
  </datafield>
  <datafield tag="700" ind1="1" ind2=" ">
    <subfield code="a">Rodr&#xED;guez, Mario &#xC1;ngel</subfield>
    <subfield code="e">elaboraci&#xF3;n</subfield>
    <subfield code="4">elab.</subfield>
    <subfield code="9">87936</subfield>
  </datafield>
  <datafield tag="700" ind1="1" ind2=" ">
    <subfield code="a">Alc&#xE1;ntara, Beatriz</subfield>
    <subfield code="e">elaboraci&#xF3;n</subfield>
    <subfield code="4">elab.</subfield>
    <subfield code="9">84134</subfield>
  </datafield>
  <datafield tag="700" ind1="1" ind2=" ">
    <subfield code="a">L&#xF3;pez, Elvin</subfield>
    <subfield code="e">elaboraci&#xF3;n</subfield>
    <subfield code="4">elab.</subfield>
    <subfield code="9">87937</subfield>
  </datafield>
  <datafield tag="700" ind1="1" ind2=" ">
    <subfield code="a">Tapia, Camilo</subfield>
    <subfield code="e">elaboraci&#xF3;n</subfield>
    <subfield code="4">elab.</subfield>
    <subfield code="9">87938</subfield>
  </datafield>
  <datafield tag="700" ind1="1" ind2=" ">
    <subfield code="a">Marte, Manuel</subfield>
    <subfield code="e">elaboraci&#xF3;n</subfield>
    <subfield code="4">elab.</subfield>
    <subfield code="9">87939</subfield>
  </datafield>
  <datafield tag="700" ind1="1" ind2=" ">
    <subfield code="a">Rodr&#xED;guez, Breanna</subfield>
    <subfield code="e">diagramadordi</subfield>
    <subfield code="4">di.</subfield>
    <subfield code="9">87940</subfield>
  </datafield>
  <datafield tag="710" ind1="1" ind2=" ">
    <subfield code="a">Fondo Andaluz de Municipios para la Solidaridad Internacional (FAMSI), 202 2023</subfield>
    <subfield code="9">87941</subfield>
  </datafield>
  <datafield tag="910" ind1=" " ind2=" ">
    <subfield code="a">LP</subfield>
  </datafield>
  <datafield tag="942" ind1=" " ind2=" ">
    <subfield code="2">ddc</subfield>
    <subfield code="c">LBS1</subfield>
  </datafield>
  <datafield tag="952" ind1=" " ind2=" ">
    <subfield code="0">0</subfield>
    <subfield code="1">0</subfield>
    <subfield code="2">ddc</subfield>
    <subfield code="5">1</subfield>
    <subfield code="7">0</subfield>
    <subfield code="8">PD</subfield>
    <subfield code="a">BNPHU</subfield>
    <subfield code="b">BNPHU</subfield>
    <subfield code="c">CT</subfield>
    <subfield code="d">2025-06-02</subfield>
    <subfield code="e">Dep&#xF3;sito Legal</subfield>
    <subfield code="l">0</subfield>
    <subfield code="o">xxx F293g</subfield>
    <subfield code="p">2025-4726</subfield>
    <subfield code="r">2025-06-02</subfield>
    <subfield code="w">2025-06-02</subfield>
    <subfield code="y">LBS1</subfield>
  </datafield>
  <datafield tag="952" ind1=" " ind2=" ">
    <subfield code="0">0</subfield>
    <subfield code="1">0</subfield>
    <subfield code="2">ddc</subfield>
    <subfield code="5">1</subfield>
    <subfield code="7">0</subfield>
    <subfield code="8">PD</subfield>
    <subfield code="a">BNPHU</subfield>
    <subfield code="b">BNPHU</subfield>
    <subfield code="c">CT</subfield>
    <subfield code="d">2025-06-02</subfield>
    <subfield code="e">Dep&#xF3;sito Legal</subfield>
    <subfield code="l">0</subfield>
    <subfield code="o">xxx F293g</subfield>
    <subfield code="p">2025-4727</subfield>
    <subfield code="r">2025-06-02</subfield>
    <subfield code="t">e.2</subfield>
    <subfield code="w">2025-06-02</subfield>
    <subfield code="y">LBS1</subfield>
  </datafield>
  <datafield tag="952" ind1=" " ind2=" ">
    <subfield code="0">0</subfield>
    <subfield code="1">0</subfield>
    <subfield code="2">ddc</subfield>
    <subfield code="5">6</subfield>
    <subfield code="7">0</subfield>
    <subfield code="8">DS</subfield>
    <subfield code="a">BNPHU</subfield>
    <subfield code="b">BNPHU</subfield>
    <subfield code="c">CT</subfield>
    <subfield code="d">2025-06-02</subfield>
    <subfield code="e">Dep&#xF3;sito Legal</subfield>
    <subfield code="l">0</subfield>
    <subfield code="o">xxx F293g</subfield>
    <subfield code="p">2025-4728</subfield>
    <subfield code="r">2025-06-02</subfield>
    <subfield code="t">e.3</subfield>
    <subfield code="w">2025-06-02</subfield>
    <subfield code="y">LBS1</subfield>
  </datafield>
  <datafield tag="999" ind1=" " ind2=" ">
    <subfield code="c">59114</subfield>
    <subfield code="d">59114</subfield>
  </datafield>
</record>
